000 00270nam a2200109Ia 4500
008 200302s9999 xx 000 0 und d
100 _aAtellers Jean Nouvel
245 _aTokyo Architecture & Design
260 _bDaab Publishing, London
260 _c2005
300 _a237 P
999 _c4947
_d4947